[Event "ICS rated blitz match"]
[Site "207.99.83.227"]
[Date "1999.04.11"]
[Round "?"]
[White "Hossa"]
[Black "blunite"]
[Result "1-0"]
[WhiteElo "2400"]
[BlackElo "2311"]
[Annotator "Fritz 5.32 (15s)"]
[PlyCount "83"]

1. e4 e5 2. Nf3 Nc6 3. Bb5 a6 4. Bxc6 dxc6 5. O-O Bg4 6. h3 h5 7. d3 Bc5 (7...
Qf6 8. Nbd2 Ne7 9. Re1 Ng6 10. d4 Bd6 11. hxg4 hxg4 12. Nh2 Rxh2 13. Qxg4 Qh4
14. Qxh4 Rxh4 15. Nf3 Rh5 16. Be3 O-O-O 17. g3 f5 18. exf5 Rxf5 19. Kg2 Rdf8
20. Nxe5 Nxe5 21. dxe5 Bxe5 22. c3 22... g5 {
- Prie,E-Fontaine,R/Clichy FRA 1998 (22)}) 8. hxg4 hxg4 9. Bg5 9... f6 $14 {
Sichert e5} (9... Be7 $5 {muss erwogen werden} 10. Nxe5 Bxg5 11. Qxg4 11... Bf6
$11) 10. Nxe5 $1 {und der Wal spuckt Jonas wieder aus} 10... fxg5 $16 (10... g3
11. Ng6 Bxf2+ 12. Rxf2 gxf2+ 13. Kxf2 $18) 11. Qxg4 Qd6 12. Qf5 (12. Qxg5 Bd4
13. Qg6+ Qxg6 14. Nxg6 14... Rh6 $16) 12... Ne7 $4 $18 {
fuehrt zu weiterem Ungemach} (12... Bd4 13. Qf7+ Kd8 14. Qxg8+ Rxg8 15. Nf7+
Kd7 16. Nxd6 Bxb2 17. Nxb7 Bxa1 18. Nc5+ 18... Ke7 $11) 13. Qf7+ (13. Qxg5 {
ist deutlich schlechter} 13... Bd4 14. Nf3 14... Bxb2 $15) 13... Kd8 14. Qxg7
Rg8 15. Qxg8+ Nxg8 16. Nf7+ Kd7 17. Nxd6 cxd6 18. Nc3 (18. Nd2 {
gibt noch groesseren Vorteil} 18... Nf6 $18) 18... g4 (18... Nf6 {
aendert den traurigen Lauf der Dinge nicht} 19. g3 $18) 19. Ne2 Nf6 20. Rad1
Rh8 21. d4 Bb6 22. Ng3 Ke6 23. c4 Nh7 24. b4 Ng5 25. Rfe1 {
Weiss bereitet e5 vor} 25... Ba7 26. Rd3 Rf8 27. e5 (27. a4 {
und Weiss haette es noch leichter} 27... Bb8 $18) 27... d5 28. c5 Bb8 29. a4
Bc7 30. Kf1 Bd8 31. a5 (31. Ke2 {ist genauer} 31... Kd7 $18) 31... Nf7 (31...
Kd7 {hilft allerdings auch nicht} 32. Kg1 $18) 32. Nh5 Nh6 33. Ke2 Rf7 (33...
Nf5 {aendert nichts am Ausgang der Partie} 34. Nf4+ Kd7 35. Rh1 $18) 34. Rh1
Ng8 35. Ng3 (35. Rg3 {laesst dem Gegner kaum Chancen} 35... Nh6 $18) 35... Bg5
36. Rh5 Rg7 37. Rh8 Ne7 38. Rd8 (38. Nh5 {und Weiss haette es noch leichter}
38... Rf7 $18) 38... Nf5 (38... Ng6 {
kann das Vorangegangene nicht ungeschehen machen} 39. Rd6+ Kf7 40. Rd7+ Kf8 41.
Rxg7 Nf4+ 42. Kf1 Kxg7 43. Rd1 $18) 39. Re8+ (39. Nxf5 {
gibt noch groesseren Vorteil} 39... Kxf5 40. Rf8+ 40... Ke6 $18) 39... Be7 (
39... Ne7 {waere gleichermassen fruchtlos} 40. f3 Kd7 41. Rb8 $18) 40. Nh5 Rf7
(40... Rh7 {aendert nichts am Ausgang der Partie} 41. Nf4+ Kd7 42. Rg8 $18) 41.
Rg8 Nh6 (41... Rh7 {ist der letzte Strohhalm} 42. Nf4+ Kf7 43. Rxg4 43... Rh6
$18) 42. Rg6+ (42. Rg6+ Kf5 43. Rxh6 $18) 1-0

[Event "ICS rated blitz match"]
[Site "207.99.83.227"]
[Date "1999.04.11"]
[Round "?"]
[White "Hossa"]
[Black "BoYzOnE"]
[Result "0-1"]
[WhiteElo "2412"]
[BlackElo "2377"]
[Annotator "Crafty v16.6"]
[PlyCount "109"]

{annotating for player Hossa using a scoring margin of +0.10 pawns. search
time limit is 20.00} 1. e4 1... e6 2. Nf3 d5 3. exd5 exd5 4. d4 ({8:+0.10} 4.
d4 4... Nf6 5. Bb5+ c6 6. Bd3 Bb4+ 7. Bd2 Bxd2+ 8. Nbxd2 O-O 9. O-O 9... Bg4
$10) ({8:+0.98} 4. Bb5+ $16) 4... Nf6 5. Bb5+ c6 6. Bd3 Bd6 7. Bg5 ({8:-0.06} 
7. Bg5 7... O-O 8. O-O Bg4 9. Re1 Nbd7 10. Nbd2 10... Re8 $10) ({8:+0.26} 7.
Qe2+ 7... Qe7 8. Qxe7+ Bxe7 9. O-O O-O 10. Bg5 Re8 11. Re1 Nbd7 12. Nbd2 $10)
7... h6 8. Bxf6 ({8:-0.20} 8. Bxf6 8... Qxf6 9. Qe2+ Be6 10. O-O O-O 11. Nbd2
Qf4 12. Rae1 12... Nd7 $10) ({8:+0.17} 8. Qe2+ 8... Be6 9. Bd2 O-O 10. O-O Re8
11. Ne5 Bg4 12. Qe3 $10) 8... Qxf6 9. O-O ({9:-0.29} 9. O-O 9... O-O 10. Nbd2
Bg4 11. Re1 Bf4 12. Nb3 Nd7 13. Qe2 $10) ({9:-0.16} 9. Qe2+ 9... Be6 10. Nbd2
O-O 11. O-O-O Nd7 12. Kb1 Rae8 13. Rhe1 13... Qf4 $10) 9... O-O 10. Nbd2 Nd7
11. c3 ({8:-0.37} 11. c3 11... Qf4 12. Re1 Nf6 13. c4 Ng4 14. g3 14... Qf6 $15)
({8:-0.21} 11. Qe2 11... Qf4 12. Rae1 Nf6 13. Qe3 Re8 14. Ne5 14... Nh5 $10)
11... Bf4 12. Qe2 Qd8 13. Rae1 Nf6 14. Ne5 Re8 15. Ndf3 Bg4 16. Qd1 ({8:-0.24} 
16. Qd1 16... Bxe5 17. Rxe5 Rxe5 18. dxe5 Nd7 19. Re1 Qe7 20. Qe2 Bxf3 21. gxf3
$10) ({8:-0.09} 16. Qc2 16... Qc8 17. Nxg4 Qxg4 18. h3 Qh5 19. Bf5 Rxe1 20.
Rxe1 Re8 21. Rxe8+ 21... Nxe8 $10) 16... Bxf3 17. Qxf3 Bxe5 18. dxe5 ({9:+0.10
} 18. dxe5 18... Nd7 19. Qf5 g6 20. Qf4 Qg5 21. Qxg5 hxg5 22. e6 22... Nc5 $10)
({9:+0.27} 18. Rxe5 18... Rxe5 19. dxe5 Nd7 20. Re1 Qg5 21. Qf5 Qd2 22. Re3
22... Nc5 $10) 18... Nd7 19. Qf5 ({9:-0.17} 19. Qf5 19... g6 20. Qf4 Qg5 21.
Qxg5 hxg5 22. e6 Nc5 23. exf7+ Kxf7 24. Rxe8 Rxe8 25. Rd1 $10) ({9:-0.06} 19.
Qh5 19... Qg5 20. Qh3 Nc5 21. Bf5 Na4 22. e6 Nxb2 23. exf7+ Kxf7 24. Be6+ 24...
Kf8 $10) 19... Nf8 20. Re3 Qd7 21. Qh5 Qe7 22. Qg4 Qg5 23. Qxg5 hxg5 24. Rd1 f6
25. Rde1 Kf7 26. a4 ({9:+0.06} 26. a4 26... Re7 27. exf6 Rxe3 28. Rxe3 gxf6 29.
Bf5 a5 30. Kf1 30... Ng6 $10) ({9:+0.18} 26. Kf1 26... Rad8 27. exf6 gxf6 28.
Rxe8 Rxe8 29. Rxe8 Kxe8 30. Bf5 Ke7 31. Ke2 31... Ne6 $10) 26... a5 27. b3 b6
28. exf6 gxf6 29. Bf5 Rxe3 30. Rxe3 Re8 31. Rxe8 Kxe8 32. g3 Nd7 33. Bxd7+ Kxd7
34. h4 gxh4 35. gxh4 Ke6 36. f4 f5 37. Kf2 Kf6 38. b4 Kg6 39. bxa5 bxa5 40. Ke3
c5 41. Kf3 Kh5 42. Kg3 c4 43. Kf2 Kxh4 44. Kf3 Kh3 45. Ke3 Kg3 46. Kd4 Kxf4 47.
Kxd5 Ke3 48. Kxc4 f4 49. Kb5 f3 50. c4 f2 51. Kb6 f1=Q 52. c5 Qb1+ 53. Kc7 Kd4
54. Kd6 Qb8+ 55. Ke7 0-1

[Event "ICS rated blitz match"]
[Site "207.99.83.227"]
[Date "1999.04.11"]
[Round "?"]
[White "blunite"]
[Black "Hossa"]
[Result "0-1"]
[WhiteElo "2299"]
[BlackElo "2394"]
[Annotator "Fritz 5.32 (15s)"]
[PlyCount "76"]

1. e4 e5 2. Nf3 Nc6 3. Bc4 Bc5 4. Nc3 Nf6 5. a3 O-O 6. d3 6... d6 $146 (6... h6
7. O-O d6 8. h3 Nd4 9. Be3 Nxf3+ 10. Qxf3 Bxe3 11. Qxe3 c6 12. Qg3 Qd7 13. Ne2
c5 14. f4 exf4 15. Nxf4 Qa4 16. Ng6 Re8 17. Rxf6 gxf6 18. Ne5+ Kh7 19. Bxf7 Rf8
20. Qg6+ Kh8 21. Qxh6# {1-0 Vogel,N-Beier,A/ODEM U17w Kerkwitz 1996 (21)}) (
6... a6 7. h3 Re8 8. O-O h6 9. Be3 Bf8 10. Nd2 d6 11. f4 Be6 12. f5 Bxc4 13.
dxc4 b5 14. Bf2 Nd4 15. Nd5 Nd7 16. c3 Nc6 17. Qg4 Ne7 18. f6 Ng6 19. fxg7 Bxg7
20. cxb5 axb5 21. Be3 c6 22. Nb4 Nf6 23. Qf5 Qc8 24. Qf3 Kh7 25. Rad1 Qb7 26.
Rf2 d5 27. Rdf1 Re6 28. Nd3 Qe7 29. Qf5 Kg8 30. Qf3 Rd8 31. Bc5 Qe8 32. Bb4 Nh4
33. Qg3 dxe4 34. Nc5 e3 35. Qxe3 Red6 36. Nde4 Nxe4 37. Qxe4 Ng6 38. Nb7 Rd5
39. Nxd8 {1-0 Minasian Ara-Galdunts Sergey/Ch URS (young masters), Kherson
(Ukrain 1991 (39)}) 7. Na4 Bg4 8. Nxc5 dxc5 9. h3 Bxf3 10. Qxf3 Nd4 11. Qd1 b5
12. Ba2 12... c4 {Raumgewinn} 13. O-O cxd3 14. Qxd3 14... Qd6 $16 (14... c5 15.
Re1 $11) 15. c3 Ne6 16. Qf3 (16. Qxd6 cxd6 17. Rd1 17... Rfd8 $16 (17... Nxe4
$2 {uebersieht} 18. Bd5 $18)) 16... Nc5 17. Rd1 17... Qc6 {
Der Druck auf e4 waechst} 18. Bd5 Nxd5 19. exd5 (19. Rxd5 f5 20. exf5 20...
Rae8 $14) 19... Qg6 20. Be3 Nd3 (20... Nb3 21. Rab1 $11) 21. b3 e4 22. Qg4 Qxg4
23. hxg4 Rfd8 24. c4 Rdb8 25. f3 bxc4 26. bxc4 Ne5 27. Rd4 (27. Bf4 27... Re8
$14) 27... exf3 28. Re4 28... f6 {Befestigt g5} 29. Bf4 $15 (29. gxf3 Nxf3+ 30.
Kg2 30... Ne5 $15) 29... fxg2 $11 (29... Rb2 30. gxf3 Nxf3+ 31. Kh1 $15) 30.
Bxe5 fxe5 31. Rxe5 Rb2 32. Rc1 $15 (32. Re7 32... Rf8 $11) 32... Rc8 33. c5
33... Kf7 $11 (33... a5 34. Rce1 $11) 34. g5 $17 (34. Rce1 $5 {
kommt in Betracht} 34... Rc2 35. Re7+ Kg6 36. R1e6+ Kg5 37. Rxg7+ Kf4 38. c6
$11) 34... Re8 35. d6 $4 $19 {fuehrt zu weiteren Sorgen} (35. g6+ $142 35...
hxg6 36. Rxe8 Kxe8 37. Re1+ Kd8 38. Re6 $17) 35... Rxe5 36. d7 (36. dxc7 {
macht keinen grossen Unterschied} 36... Re8 $19) 36... Rd2 37. c6 (37. d8=Q {
kann das Vorangegangene nicht ungeschehen machen} 37... Rxd8 38. Kxg2 Rxg5+ 39.
Kf2 Rf5+ 40. Ke3 40... h5 $19) 37... Rxg5 38. Re1 Rh5 (38... Rh5 39. d8=N+ Kf8
40. Ne6+ Kg8 41. Re2 Rxe2 42. Nxc7 Rh1#) 0-1

[Event "ICS rated blitz match"]
[Site "207.99.83.227"]
[Date "1999.04.11"]
[Round "?"]
[White "Hossa"]
[Black "blunite"]
[Result "1-0"]
[WhiteElo "2406"]
[BlackElo "2287"]
[Annotator "Fritz 5.32 (15s)"]
[PlyCount "22"]

1. e4 e5 2. Nf3 Nc6 3. Bb5 a6 4. Bxc6 dxc6 5. O-O Bg4 6. d3 Bc5 7. Nbd2 Qf6 8.
h3 h5 9. hxg4 $15 (9. Nc4 $5 $14 $142 {muss geprueft werden} 9... Bxf3 10. Qxf3
Qxf3 11. gxf3 f6 (11... Bd6 12. f4 exf4 13. Nxd6+ cxd6 14. Bxf4 Rd8 15. Kh1 f6
16. Rg1 Kf7 17. Rg2 Ne7 18. Bh2 d5 19. Rag1 Rhg8 20. f3 g5 21. e5 Rde8 22. exf6
Nf5 23. f4 g4 24. hxg4 hxg4 25. Rxg4 Rxg4 26. Rxg4 {
Kraut,R-Costa,J/Bodenseecup tt, Wasserburg GER (1) 1996/ - (54)}) (11... f6 12.
f4 exf4 13. Bxf4 O-O-O 14. Be3 Bd4 15. Bxd4 Rxd4 16. Kh2 Ne7 17. Rg1 g5 18. f4
g4 19. hxg4 hxg4+ 20. Kg3 Rg8 21. Ne3 c5 22. Rh1 c4 23. Rh7 Kd8 24. Rxe7 cxd3
25. c3 Ra4 26. Re6 Kd7 27. f5 Rd8 28. Nxg4 d2 29. Nxf6+ Kc8 30. Nd5 Rxa2 31.
Rd1 Rxb2 32. f6 c6 33. f7 cxd5 34. Re8 {1-0 Hajdu,L-Kovacs,L/Hungary 1993 (34)}
) 12. f4 exf4 13. Bxf4 O-O-O 14. Be3 {- Zlochevsky,A-Zaitsev,I/Moscow 1994 (14)
}) (9. Re1 Ne7 10. Nf1 Bxf3 11. Qxf3 Qxf3 12. gxf3 O-O-O 13. a3 Ng6 14. Ng3 Nh4
15. Rf1 Nxf3+ 16. Kg2 Nh4+ 17. Kg1 Ng6 18. Nf5 Rhg8 19. Be3 Bf8 20. b4 Ne7 21.
Nxe7+ Bxe7 22. Bc5 Bxc5 23. bxc5 g5 24. Kg2 b5 25. a4 Kd7 26. axb5 axb5 27. Ra7
Ra8 28. Rfa1 Rxa7 29. Rxa7 Rb8 30. c3 b4 31. cxb4 Rxb4 32. Ra8 Rb5 33. Rf8 Ke7
34. Rc8 Rxc5 35. Rxc7+ Ke6 36. Rc8 Rc3 37. Rc7 f6 38. Kf1 Kd6 39. Rf7 Ke6 40.
Rc7 c5 41. Ke2 c4 42. Rxc4 Rxc4 43. dxc4 43... Kd6 {
Minet,S-Revenu/Massy (3) 1993/ - (64)}) 9... hxg4 10. Nb3 $17 (10. Nc4 gxf3 11.
Qxf3 11... Qh4 $17) 10... gxf3 11. Qxf3 (11. Nxc5 $4 {
der Laeufer darf nicht angetastet werden} 11... Qh4 $1 {triumphiert} 12. Bh6
Rxh6 13. Qxf3 Qh1#) 11... Qh6 $4 $18 {und der Gewinn ist perdu} (11... Qxf3
$142 {haette die Partie gerettet} 12. gxf3 12... Bd6 $11) 1-0

[Event "ICS rated blitz match"]
[Site "207.99.83.227"]
[Date "1999.04.11"]
[Round "?"]
[White "blunite"]
[Black "Hossa"]
[Result "0-1"]
[WhiteElo "2276"]
[BlackElo "2417"]
[Annotator "Fritz 5.32 (15s)"]
[PlyCount "86"]

1. e4 e5 2. Nf3 Nc6 3. Bc4 Bc5 4. Nc3 Nf6 5. a3 O-O 6. d3 6... d6 $146 (6... h6
7. O-O d6 8. h3 Nd4 9. Be3 Nxf3+ 10. Qxf3 Bxe3 11. Qxe3 c6 12. Qg3 Qd7 13. Ne2
c5 14. f4 exf4 15. Nxf4 Qa4 16. Ng6 Re8 17. Rxf6 gxf6 18. Ne5+ Kh7 19. Bxf7 Rf8
20. Qg6+ Kh8 21. Qxh6# {1-0 Vogel,N-Beier,A/ODEM U17w Kerkwitz 1996 (21)}) (
6... a6 7. h3 Re8 8. O-O h6 9. Be3 Bf8 10. Nd2 d6 11. f4 Be6 12. f5 Bxc4 13.
dxc4 b5 14. Bf2 Nd4 15. Nd5 Nd7 16. c3 Nc6 17. Qg4 Ne7 18. f6 Ng6 19. fxg7 Bxg7
20. cxb5 axb5 21. Be3 {Minasian Ara-Galdunts Sergey/Ch URS (young masters),
Kherson (Ukrain 1991/1-0 (39)}) 7. Be3 (7. Na4 7... Bb6 $14) 7... Bxe3 (7...
Nd4 8. Bxd4 exd4 9. Na4 $11) 8. fxe3 {Kontrolliert d4} 8... Na5 9. Ba2 Bg4 10.
O-O Rc8 (10... Nc6 11. d4 $11) 11. b4 Nc6 12. Ne2 12... Bxf3 $14 (12... Ne7 13.
Ng3 $11) 13. gxf3 $11 {Staerkt g4} (13. Rxf3 13... Ne7 $14) 13... Qd7 14. c4
Qh3 15. Rf2 Qh4 (15... Rfe8 16. Nc3 $11) 16. Ng3 Ne7 17. Rg2 Qh3 18. Qe2 c5 19.
Kh1 19... cxb4 $14 (19... Rfd8 20. Rag1 $11) 20. axb4 Kh8 21. Rag1 (21. d4
21... Rfd8 $14) 21... Rg8 (21... Ne8 22. Bb3 $11) 22. Nf1 Rcf8 23. Bb3 Nc6 24.
b5 {Weiss engt den Gegner ein} 24... Ne7 25. Bd1 (25. Rg3 25... Qh4 $14) 25...
Qh4 (25... Ng6 26. d4 $14) 26. Qf2 Qh5 27. f4 $4 $19 {
gibt den Vorteil aus der Hand} (27. Bb3 $16 $142) 27... Qxd1 28. Nd2 Qc2 29.
Qe2 Ng6 30. f5 Ne7 31. Rg3 (31. Nf3 Qxe2 32. Rxe2 32... g6 $19) 31... Nc8 (
31... a5 {laesst dem Gegner kaum Chancen} 32. bxa6 bxa6 33. Rb1 $19) 32. R3g2
Qc3 (32... Nd7 {ginge schneller} 33. Nf3 Qxe2 34. Rxe2 $19) 33. Nf3 33... a5 {
Der Freibauer a5 ist ein wichtiges Motiv} 34. Rg3 (34. bxa6 bxa6 35. Rb1 35...
g6 $19) 34... a4 35. Rh3 a3 36. Ng5 (36. Qd2 {holt die Kuh nicht vom Eis} 36...
Qxd2 37. Nxd2 37... Ne7 $19) 36... h6 37. Rgg3 (37. Rg2 {
waere gleichermassen fruchtlos} 37... Nb6 $19) 37... Ne7 (37... Nb6 $5 {
damit wuerde Schwarz es sich noch erleichtern} 38. Rg2 $19) 38. Rh4 (38. Rg1 {
aendert nichts mehr} 38... a2 39. Qxa2 39... Qxd3 $19) 38... Qb4 39. Rgh3 (39.
Rg1 d5 40. Qf3 dxe4 41. Qh3 Nxf5 42. Qxf5 $17) 39... Qb1+ 40. Kg2 {
Weiss droht, mit Rf3 kontern} 40... a2 41. Rxh6+ 41... gxh6 {Droht Matt: Rxg5}
42. Rxh6+ Kg7 43. Rh3 43... a1=Q {Droht Matt} (43... a1=Q 44. Rg3 Qh1+ 45. Kh3
Qaf1+ 46. Qxf1 Qxf1+ 47. Kh4 Rh8+ 48. Nh7+ Ng6+ 49. fxg6 fxg6 50. Rxg6+ Kxg6
51. Kg3 Qg1+ 52. Kf3 Nxh7+ 53. Ke2 Rf2#) 0-1

[Event "ICS rated blitz match"]
[Site "207.99.83.227"]
[Date "1999.04.11"]
[Round "?"]
[White "Hossa"]
[Black "blunite"]
[Result "0-1"]
[WhiteElo "2427"]
[BlackElo "2266"]
[Annotator "Fritz 5.32 (15s)"]
[PlyCount "100"]

1. e4 e5 2. Nf3 Nc6 3. Bc4 Nf6 4. Ng5 Bc5 5. Nxf7 Bxf2+ 6. Kf1 Qe7 7. Nxh8 d5
8. exd5 Nd4 9. d6 (9. Nc3 Bg4 10. Be2 Nxe2 11. Nxe2 Ne4 12. d3 Qf6 13. Bf4 Be3
14. dxe4 Bxf4 15. Ke1 Qh4+ 16. g3 Bxg3+ 17. Nxg3 Bxd1 18. Rxd1 Ke7 19. Ke2 g6
20. Nxg6+ hxg6 21. Rdf1 Rf8 22. Rxf8 Kxf8 23. Rf1+ Ke7 24. Rf2 Qh6 25. Kd1 Qe3
26. Re2 Qg1+ 27. Kd2 Qd4+ 28. Kc1 Qg1+ 29. Kd2 Qb1 30. b3 Qxa2 31. Kc3 Qa1+ 32.
Kd2 a5 33. Re3 Qd4+ 34. Ke2 Qb2 35. Kd2 Qd4+ 36. Ke2 b5 37. c3 Qc5 38. Nf1 a4
39. Nd2 axb3 40. Nb1 Qc4+ 41. Kd2 Qf1 42. Re1 Qf4+ 43. Re3 Qxh2+ 44. Re2 Qf4+
45. Re3 g5 46. Na3 b2 47. Nb1 47... g4 {
0-1 Rodriguez,K-Resika,N/US Amateur Team East, Parsippany USA 1998 (47)}) 9...
cxd6 10. d3 $146 (10. c3 Bg4 11. Qa4+ (11. cxd4 Bxd1 12. Kxf2 Ne4+ 13. Ke1
13... Bh5 {0-1 Schmidt-Lietz/cr 1974 (13)}) 11... Bd7 (11... Nd7 12. Kxf2 Qh4+
13. Kf1 b5 14. Bxb5 Ke7 15. g3 Bh3+ 16. Kf2 Rf8+ 17. Ke1 Qe4+ 18. Kd1 Bg4+ 19.
Be2 19... Qxh1# {0-1 Tarakanov-Naftalin/cr 1971 (19)}) 12. Qb4 Ne4 13. Bf7+ Kd8
14. cxd4 Bxd4 15. Nc3 Qf6+ 16. Ke2 Bg4+ 17. Kd3 Nc5+ 18. Kc4 Bf5 19. d3 19...
d5+ {0-1 Augustat,S-Hentzgen/cr 1971 (19)}) 10... Bg4 11. Qd2 Bh4 12. h3 Be2+
13. Kg1 O-O-O 14. Nf7 Nh5 15. Bd5 Qf6 16. Qe3 Bg3 17. Nd2 Bf4 18. Qf2 Ng3 19.
Nxd8 Bd1 20. Bxb7+ Kxd8 21. Bf3 Bxf3 22. gxf3 Nde2+ 23. Kg2 Qg6 24. Qxa7 Nxh1+
25. Kf1 Qg3 26. Qb6+ Kd7 27. Qb7+ Kd8 28. Qb8+ Kd7 29. Qb5+ Kd8 30. Qa5+ Kd7
31. Ne4 Qxf3+ 32. Ke1 Nd4 33. Nc5+ (33. Qa7+ {der letzte Widerstandsversuch}
33... Ke6 34. Qxd4 $19) 33... dxc5 34. Qa7+ Ke6 35. Qa6+ Kf7 (35... Ke7 36.
Qa7+ Kf6 37. Qa6+ Kg5 38. Bxf4+ Kxf4 39. Qh6+ gxh6 40. Kd2 Qe2+ 41. Kc3 Qxc2#)
36. Qc4+ Kg6 37. Qxd4 cxd4 38. Bxf4 Qf2+ 39. Kd1 exf4 (39... Qf1+ 40. Kd2 Qxf4+
41. Kd1 Qf3+ 42. Ke1 Qe3+ 43. Kd1 Nf2#) 40. c4 (40. c3 {
aendert nichts am Ausgang der Partie} 40... Ng3 41. Kc1 Nf1 42. a4 Ne3 43. Kb1
dxc3 44. bxc3 Qc2#) 40... Qf1+ $19 (40... f3 41. Kc1 Qe2 42. a4 Nf2 43. Kb1
Nxd3 44. b4 Qb2#) 41. Kc2 Qxa1 42. a4 42... f3 {Droht Matt} 43. a5 Qxa5 (43...
Qa4+ 44. Kd2 Qb3 45. Kc1 f2 46. Kd2 Qxb2+ 47. Kd1 f1=Q#) 44. h4 f2 45. c5 (45.
h5+ {nuetzt auch nichts mehr} 45... Kxh5 46. c5 f1=Q 47. c6 Qe2+ 48. Kb3 Qxd3#)
45... f1=Q 46. h5+ Kg5 47. c6 Qe2+ 48. Kb3 Qb5+ (48... Qxd3#) 49. Ka3 Qexd3+ (
49... Qexb2#) 50. Ka2 (50. b3 {hilft auch nicht mehr} 50... Qbxb3#) 50... Qa4#
0-1

[Event "ICS rated blitz match"]
[Site "207.99.83.227"]
[Date "1999.04.11"]
[Round "?"]
[White "Hossa"]
[Black "Koala"]
[Result "1-0"]
[WhiteElo "2404"]
[BlackElo "2304"]
[PlyCount "77"]

1. e4 e6 2. Nf3 d5 3. exd5 exd5 4. Bb5+ c6 5. Be2 Nf6 6. O-O Be7 7. d4 O-O 8.
Re1 Ne4 9. Bf4 Bg4 10. Nbd2 Bf6 11. Nxe4 dxe4 12. Nd2 Bxe2 13. Qxe2 Qxd4 14.
Nxe4 Be7 15. c3 Qb6 16. Rad1 h6 17. Be5 Qb5 18. Qxb5 cxb5 19. Bd6 Nc6 20. Bxe7
Nxe7 21. Nf6+ gxf6 22. Rxe7 Rad8 23. Rxd8 Rxd8 24. h4 Rd1+ 25. Kh2 Rd2 26. Rxb7
Rxb2 27. Rxa7 Rxf2 28. a4 bxa4 29. Rxa4 Rc2 30. Rc4 f5 31. Rc7 Kg7 32. Kg3 f4+
33. Kf3 Kg6 34. Rc5 h5 35. Rc7 f6 36. Rc8 Kg7 37. c4 Kg6 38. Kxf4 Rxg2 39. Rg8+
{Koala resigns} 1-0

[Event "ICS rated blitz match"]
[Site "207.99.83.227"]
[Date "1999.04.11"]
[Round "?"]
[White "Hossa"]
[Black "Malanga"]
[Result "1-0"]
[WhiteElo "2420"]
[BlackElo "2066"]
[PlyCount "39"]

1. e4 e6 2. Nf3 d5 3. exd5 exd5 4. d4 Bd6 5. Bb5+ c6 6. Bd3 Bg4 7. O-O Ne7 8.
Nbd2 O-O 9. Bxh7+ Kxh7 10. Ng5+ Kg6 11. Qxg4 f5 12. Qh3 Kxg5 13. Nf3+ Kg6 14.
Re1 Rh8 15. Re6+ Kf7 16. Ng5+ Kg8 17. Qxh8+ Kxh8 18. Nf7+ Kg8 19. Nxd8 Bb4 20.
c3 {Malanga resigns} 1-0

[Event "ICS rated blitz match"]
[Site "207.99.83.227"]
[Date "1999.04.11"]
[Round "?"]
[White "Malanga"]
[Black "Hossa"]
[Result "0-1"]
[WhiteElo "2062"]
[BlackElo "2424"]
[PlyCount "76"]

1. e4 e5 2. Nf3 Nc6 3. Bc4 Bc5 4. c3 Nf6 5. b4 Bb6 6. d3 d6 7. Nbd2 O-O 8. Bb3
a5 9. b5 Na7 10. a4 c6 11. Nc4 cxb5 12. Nxb6 Qxb6 13. Be3 Qc6 14. Qd2 Bg4 15.
axb5 Qxb5 16. Bc4 Nxe4 17. Bxb5 Nxd2 18. Kxd2 Nxb5 19. Rhb1 Bxf3 20. gxf3 Nc7
21. Rxb7 Ne6 22. Rb5 a4 23. Rb4 a3 24. Rb3 d5 25. d4 exd4 26. cxd4 a2 27. Rb2
Rab8 28. Raxa2 Rxb2+ 29. Rxb2 f5 30. Rb6 Kf7 31. Kd3 Ra8 32. Rd6 Ra3+ 33. Kc2
f4 34. Bc1 Nxd4+ 35. Kb2 Rxf3 36. Rxd5 Rxf2+ 37. Kc3 Ne2+ 38. Kd2 38... Rxh2 {
Malanga resigns} 0-1

[Event "ICS rated blitz match"]
[Site "207.99.83.227"]
[Date "1999.04.11"]
[Round "?"]
[White "Hossa"]
[Black "Malanga"]
[Result "1-0"]
[WhiteElo "2428"]
[BlackElo "2058"]
[PlyCount "46"]

1. e4 e5 2. Nf3 Nc6 3. Bc4 Ke7 4. O-O Nf6 5. Nc3 d6 6. d3 Be6 7. Bxe6 fxe6 8.
Be3 Qe8 9. Bg5 Qh5 10. Bd2 Kd7 11. Ng5 Qxd1 12. Raxd1 Be7 13. f4 Raf8 14. fxe5
Nxe5 15. d4 Nc4 16. e5 Nd5 17. Rxf8 Rxf8 18. Nxd5 exd5 19. exd6 Kxd6 20. Bb4+
Kd7 21. Bxe7 Kxe7 22. Re1+ Kd7 23. Nxh7 23... Nxb2 {Malanga resigns} 1-0

[Event "ICS rated blitz match"]
[Site "207.99.83.227"]
[Date "1999.04.11"]
[Round "?"]
[White "Malanga"]
[Black "Hossa"]
[Result "0-1"]
[WhiteElo "2055"]
[BlackElo "2431"]
[PlyCount "52"]

1. e4 c5 2. Nf3 Nc6 3. c3 Nf6 4. d3 d5 5. Nbd2 Bg4 6. Be2 Bxf3 7. Bxf3 d4 8. c4
e6 9. g3 Bd6 10. O-O O-O 11. Bg2 Qe7 12. f4 e5 13. f5 Nb4 14. Qe2 Nc2 15. Rb1
Ne3 16. Nf3 Nxf1 17. Bxf1 Rae8 18. h3 Nh5 19. Bg5 Nxg3 20. Qg2 f6 21. Qxg3 fxg5
22. Nxg5 Rf6 23. Be2 Kh8 24. Kh2 Rg8 25. Rg1 Rh6 26. Bg4 26... Qxg5 {
Malanga resigns} 0-1

[Event "ICS rated blitz match"]
[Site "207.99.83.227"]
[Date "1999.04.11"]
[Round "?"]
[White "Etan"]
[Black "Hossa"]
[Result "0-1"]
[WhiteElo "2372"]
[BlackElo "2434"]
[PlyCount "66"]

1. d4 Nf6 2. Nc3 d5 3. e3 e6 4. Nf3 Bb4 5. Be2 Ne4 6. Bd2 Nxd2 7. Qxd2 O-O 8.
a3 Bxc3 9. bxc3 b6 10. O-O Bb7 11. c4 dxc4 12. Bxc4 Bxf3 13. gxf3 Qg5+ 14. Kh1
Qh5 15. Qe2 Nc6 16. Rg1 Rad8 17. Rg2 Ne7 18. Rag1 Ng6 19. Rg5 Qh3 20. R1g3 Qh6
21. f4 Qh4 22. R3g4 Qh3 23. Rg3 Qh4 24. Rh5 Qf6 25. Rgh3 h6 26. Qg4 Rd7 27. f5
exf5 28. Rxf5 Qc6+ 29. d5 Qa4 30. Rg3 Qxc2 31. d6 Rxd6 32. Kg2 Qxf5 33. Qxf5
33... Nh4+ {Etan resigns} 0-1

[Event "ICS rated blitz match"]
[Site "207.99.83.227"]
[Date "1999.04.11"]
[Round "?"]
[White "Hossa"]
[Black "Etan"]
[Result "1-0"]
[WhiteElo "2447"]
[BlackElo "2359"]
[PlyCount "97"]

1. e4 e5 2. Nf3 Nc6 3. Bb5 a6 4. Ba4 d6 5. Bxc6+ bxc6 6. d4 f6 7. c3 Ne7 8. O-O
Ng6 9. dxe5 fxe5 10. Ng5 Be7 11. Qh5 Bxg5 12. Bxg5 Qd7 13. Qf3 Qf7 14. Qxf7+
Kxf7 15. c4 Be6 16. c5 Rab8 17. cxd6 cxd6 18. b3 h6 19. Be3 d5 20. Ba7 Rb7 21.
Bc5 Nf4 22. Bd6 Kf6 23. Nd2 Rd8 24. Ba3 Rbd7 25. Rad1 Kf7 26. Nf3 Ng6 27. Rde1
d4 28. Rc1 Rc8 29. Rc5 Kf6 30. Rfc1 Nf4 31. Nxe5 Ne2+ 32. Kh1 Nxc1 33. Nxd7+
Bxd7 34. Rxc1 Be6 35. f3 Ke5 36. Rc5+ Kf6 37. Bb2 Rd8 38. Rxc6 Ke5 39. f4+ Kxf4
40. Rxe6 d3 41. Bxg7 d2 42. Bxh6+ Kg4 43. h3+ Kg3 44. Rg6+ Kh4 45. Bf4 d1=Q+
46. Kh2 Rd2 47. Rh6+ Qh5 48. Rxh5+ Kxh5 49. Bxd2 {Etan resigns} 1-0

[Event "ICS rated blitz match"]
[Site "207.99.83.227"]
[Date "1999.04.11"]
[Round "?"]
[White "Etan"]
[Black "Hossa"]
[Result "0-1"]
[WhiteElo "2347"]
[BlackElo "2459"]
[PlyCount "70"]

1. e4 d6 2. d4 Nf6 3. f3 Nbd7 4. c4 e5 5. d5 Be7 6. Nc3 O-O 7. Bd3 Ne8 8. Nge2
Bh4+ 9. Ng3 f5 10. exf5 Nc5 11. O-O Nxd3 12. Qxd3 Bxg3 13. hxg3 Bxf5 14. Qe3
Qf6 15. Qg5 Bd3 16. Rd1 Bxc4 17. Qg4 Ba6 18. Bg5 Qf5 19. Qh4 Bd3 20. g4 Qg6 21.
Kh2 Rf7 22. Rh1 e4 23. fxe4 Bxe4 24. Rae1 Bd3 25. Kg1 Nf6 26. Rh3 Ne4 27. Nxe4
Bxe4 28. Rhe3 Bxd5 29. Re7 Bxa2 30. Rxf7 Bxf7 31. Bf4 Qc2 32. Re3 Qxb2 33. Rh3
Qb1+ 34. Kh2 Bd5 35. Qe7 35... Qf1 {Etan resigns} 0-1